Tajomstvo úspechu 2014 - 2015 digitálne ikony Európy: transformujú našu ekonomiku

Guardado en:
Detalles Bibliográficos
Formato: Libro
Lenguaje:inglés
Publicado: Luxembourg Úrad pre vydávanie publikácií Európskej únie 2014
Materias:
Etiquetas: Agregar Etiqueta
Sin Etiquetas, Sea el primero en etiquetar este registro!

MARC

LEADER 00000nam a2200000 4500
001 0198350
005 20240318114730.3
020 |a 978-92-9202-147-4 
041 0 |a eng 
044 |a LU 
245 1 0 |a Tajomstvo úspechu 2014 - 2015  |b digitálne ikony Európy: transformujú našu ekonomiku 
264 1 |a Luxembourg  |b Úrad pre vydávanie publikácií Európskej únie  |c 2014 
300 |a 50 s. 
610 2 0 |a podnikanie elektronické 
610 2 0 |a stratégia podnikateľská 
610 2 0 |a technológie informačné 
610 2 0 |a inovácia 
610 2 0 |a cloud computing 
610 2 0 |a štúdie prípadové